Vista normal
Vista MARC
- Hernández Cardona, Lucia Victoria.
Entrada Autor personal
Número de registros utilizados en: 1
001 - NUMERO DE CONTROL
- Campo de control: 3157
003 - IDENTIFICADOR DE NUMERO DE CONTROL
- Campo de control: CO-MdFUSB
005 - HORA Y FECHA DE LA ULTIMA TRANSACCIÓN
- Campo de control: 20200326182937.0
008 - CAMPO DE LONGITUD FIJA
- Campo fijo de descripción fija: 200326|| aca||aabn | a|a d
040 ## - AGENCIA DE CATALOGACIÓN ORIGINAL
- Lenguaje de catalogación: spa
- Agencia que hace la transcripción: CO-MdFUSB
100 ## - AUTOR PERSONAL
- Autor personal: Hernández Cardona, Lucia Victoria.
